Sử dụng phân bón phối hợp cân đối

Zapisane w:
Opis bibliograficzny
1. autor: Võ, Minh Kha
Format: Książka
Język:Undetermined
Wydane: Hà Nội Nghệ An 2003
Hasła przedmiotowe:
Etykiety: Dodaj etykietę
Nie ma etykietki, Dołącz pierwszą etykiete!
Thư viện lưu trữ: Trung tâm Học liệu Trường Đại học Cần Thơ
LEADER 00565nam a2200205Ia 4500
001 CTU_88122
008 210402s9999 xx 000 0 und d
020 |c 13000 
082 |a 631.81 
082 |b Kh100 
100 |a Võ, Minh Kha 
245 0 |a Sử dụng phân bón phối hợp cân đối 
245 0 |c Võ Minh Kha 
260 |a Hà Nội 
260 |b Nghệ An 
260 |c 2003 
650 |a Fertilizers,Rural development 
650 |x Application 
904 |i Tuyến 
980 |a Trung tâm Học liệu Trường Đại học Cần Thơ